MARC details
| 000 -CABECERA |
| campo de control de longitud fija |
00871cam a2200253 a 4500 |
| 001 - NÚMERO DE CONTROL |
| campo de control |
000018041 |
| 005 - FECHA Y HORA DE LA ÚLTIMA TRANSACCIÓN |
| campo de control |
20200929165329.0 |
| 008 - DATOS DE LONGITUD FIJA--INFORMACIÓN GENERAL |
| campo de control de longitud fija |
910726s1990 cu a b 001 0 spa d |
| 035 ## - NÚMERO DE CONTROL DEL SISTEMA |
| Número de control de sistema |
(DLC) 91176676 |
| 040 ## - FUENTE DE LA CATALOGACIÓN |
| Centro catalogador/agencia de origen |
DO-SdBNP |
| Lengua de catalogación |
spa |
| Centro/agencia transcriptor |
DLC |
| Centro/agencia modificador |
BNPHU |
| 082 ## - NÚMERO DE LA CLASIFICACIÓN DECIMAL DEWEY |
| Número de clasificación |
927.91 |
| Número de documento/Ítem |
B516g |
| 049 ## - FONDOS LOCALES (OCLC) |
| Fondos de biblioteca |
BNGR |
| 100 1# - ENTRADA PRINCIPAL--NOMBRE DE PERSONA |
| Nombre de persona |
Bermúdez, Jorge R. |
| 9 (RLIN) |
39113 |
| 245 10 - MENCIÓN DE TÍTULO |
| Título |
De Gutenberg a Landaluze : |
| Resto del título |
ensayo / |
| Mención de responsabilidad, etc. |
Jorge R. Bermúdez ; edición Georgina Pérez. |
| 260 ## - PUBLICACIÓN, DISTRIBUCIÓN, ETC. |
| Lugar de publicación, distribución, etc. |
La Habana : |
| Nombre del editor, distribuidor, etc. |
Letras Cubanas, |
| Fecha de publicación, distribución, etc. |
1990. |
| 300 ## - DESCRIPCIÓN FÍSICA |
| Extensión |
274 p. : |
| Otras características físicas |
il. ; |
| Dimensiones |
18 cm. |
| 504 ## - NOTA DE BIBLIOGRAFÍA, ETC. |
| Nota de bibliografía, etc. |
Incluye índice y referencias bibliográficas: (p. 252-263). |
| 650 #4 - PUNTO DE ACCESO ADICIONAL DE MATERIA--TÉRMINO DE MATERIA |
| Término de materia o nombre geográfico como elemento de entrada |
Artistas cubanos |
| Subdivisión cronológica |
SIGLO XV-XVIII |
| 9 (RLIN) |
39114 |
| 650 #4 - PUNTO DE ACCESO ADICIONAL DE MATERIA--TÉRMINO DE MATERIA |
| Término de materia o nombre geográfico como elemento de entrada |
Arte colonial |
| Subdivisión geográfica |
Cuba |
| 9 (RLIN) |
39115 |
| 650 #4 - PUNTO DE ACCESO ADICIONAL DE MATERIA--TÉRMINO DE MATERIA |
| Término de materia o nombre geográfico como elemento de entrada |
Artistas |
| Subdivisión general |
Biografías |
| 9 (RLIN) |
39116 |
| 650 #4 - PUNTO DE ACCESO ADICIONAL DE MATERIA--TÉRMINO DE MATERIA |
| Término de materia o nombre geográfico como elemento de entrada |
Pintura colonial |
| 9 (RLIN) |
39117 |
| 700 1# - PUNTO DE ACCESO ADICIONAL--NOMBRE DE PERSONA |
| Nombre de persona |
Pérez, Georgina, |
| Término indicativo de función/relación |
ed. |
| 9 (RLIN) |
39118 |
| 910 ## - DATOS DE OPCIÓN DEL USUARIO (OCLC) |
| Datos de opción del usuario |
Catalogación por copia / LC |